000
00328nam a2200157Ia 4500
100
_a
MAURUS/J.
650
_a
PHILOPSOPHY
942
_c
BK
366
_f
25
245
_a
SOMETHING TO THINK OF
260
_b
BETTER YOURSELF BOOK
_a
Bandra
_c
1989
082
_a
170/MAU
_b
MAU
300
_a
159
546
_a
ENGLISH
999
_c
33503
_d
33503